|
|
|
|
| LEADER |
02334nem a2200517 i 4500 |
| 001 |
001582666 |
| 003 |
CZ BrMZK |
| 005 |
20170905091039.0 |
| 007 |
aj|canzn |
| 008 |
170623q19281935xr |||||||a|||||||||cze|d |
| 034 |
1 |
|
|a a
|b 100000
|d E0150010
|e E0153034
|f N0503141
|g N0501554
|
| 040 |
|
|
|a BOA001
|b cze
|e rda
|
| 043 |
|
|
|a e-xr---
|b e-xr-cc
|
| 072 |
|
7 |
|a 913(437)
|x Geografie Česka a Slovenska, reálie, cestování
|2 Konspekt
|9 7
|
| 072 |
|
7 |
|a 912
|x Mapy. Atlasy. Glóby
|2 Konspekt
|9 7
|
| 080 |
|
|
|a (084.3)353.5
|2 MRF
|
| 080 |
|
|
|a (084.3)796.5
|2 MRF
|
| 080 |
|
|
|a 913(437.31)
|2 MRF
|
| 100 |
1 |
|
|a Havránek, Jan,
|c kartograf
|4 ctg
|
| 245 |
1 |
0 |
|a Mapa politického a školního okresu jičínského /
|c Dle úředních pramenů kreslil Jan Havránek
|
| 246 |
3 |
4 |
|a Okres jičínský
|
| 255 |
|
|
|a Měřítko 1:100 000
|c (E 15°00'10"--E 15°30'34"/N 50°31'41"--N 50°15'54")
|
| 264 |
|
1 |
|a V Lounech :
|b Nakladatel Ed. Fastr,
|c [mezi 1928 a 1935]
|
| 264 |
|
3 |
|a Praha :
|b Tisk Fr. Tocl, Praha III, Říční 456,
|c [mezi 1928 a 1935]
|
| 300 |
|
|
|a 1 mapa :
|b barevná ;
|c 30 x 36 cm, na listu 39 x 41,5 cm , složeno na 21 x 12,5 cm +
|e papírové pouzdro
|
| 336 |
|
|
|a kartografický obraz
|b cri
|2 rdacontent
|
| 337 |
|
|
|a bez média
|b n
|2 rdamedia
|
| 338 |
|
|
|a list
|b nb
|2 rdacarrier
|
| 490 |
1 |
|
|a Fastrovy mapy okresů RČS ;
|v Mapa politického a školního okresu jičínského
|
| 490 |
1 |
|
|a Fastrovy mapy okresů RČS ;
|v Okres jičínský
|
| 500 |
|
|
|a Vloženo do papírové obálky
|
| 500 |
|
|
|a Autorské údaje převzaty z obálky
|
| 562 |
|
|
|a Razítko: Důvěrné
|5 CZ-BrMZK
|
| 562 |
|
|
|a Razítko na rubu: Zemská a universitní knihovna v Brně
|5 CZ-BrMZK
|
| 562 |
|
|
|a Původně přeloženo na 1/8
|5 CZ-BrMZK
|
| 651 |
|
7 |
|a Jičín (Česko : okres : 1868-1949)
|7 ge723288
|2 czenas
|
| 655 |
|
7 |
|a mapy okresů
|7 fd817377
|2 czenas
|
| 655 |
|
4 |
|a obecně zeměpisné mapy
|
| 655 |
|
7 |
|a turistické mapy
|7 fd133737
|2 czenas
|
| 710 |
2 |
|
|a Edvard Fastr (nakladatelství)
|4 pbl
|
| 710 |
2 |
|
|a František Tocl (tiskárna)
|4 prt
|
| 830 |
|
0 |
|a Fastrovy mapy okresů RČS ;
|v Mapa politického a školního okresu jičínského ; Okres jičínský
|
| 856 |
4 |
1 |
|u http://www.digitalniknihovna.cz/mzk/view/uuid:e62b457d-aac6-4f15-a558-30dd2d3b66ea
|y Digitalizovaný dokument
|
| 910 |
|
|
|a BOA001
|b Mp2-0135.702
|
| 990 |
|
|
|a MP
|
| 991 |
|
|
|b 201706
|